[Event "1st. bi-monthly Ashmasterr cup. Under 1600 section"]
[Site "SchemingMind.com"]
[Date "2005.04.29"]
[Round "-"]
[White "Brerrabbit"]
[Black "Ashmaster"]
[Result "1/2-1/2"]
[WhiteCountry "SCO"]
[BlackCountry "IRL"]
[WhiteElo "1289"]
[WhiteRD "67"]
[BlackElo "1345"]
[BlackRD "76"]
[GameID "13988"]

1. e4 e6 2. Nf3 d5 3. exd5 exd5 4. Qe2+ Qe7 5. d4 Qxe2+ 6. Bxe2 Nc6 7. O-O Bg4 8. Be3 Nf6 9. c4 Bxf3 10. Bxf3 dxc4
11. Nc3 Bb4 12. Rfe1 O-O 13. Rad1 Bxc3 14. bxc3 Rfe8 15. d5 Ne5 16. d6 Nxf3+ 17. gxf3 cxd6 18. Rxd6 Re6 19. Rxe6 fxe6 20. Bd4 Re8
21. Bxa7 Kf7 22. Rb1 Re7 23. Rb4 b5 24. Bd4 Nd5 25. Rxb5 Nc7 26. Rc5 Nd5 27. a4 Rc7 28. Rb5 g6=
1/2-1/2

[Event "1st. bi-monthly Ashmasterr cup. Under 1600 section"]
[Site "SchemingMind.com"]
[Date "2005.04.29"]
[Round "-"]
[White "Ashmaster"]
[Black "Brerrabbit"]
[Result "1-0"]
[WhiteCountry "IRL"]
[BlackCountry "SCO"]
[WhiteElo "1345"]
[WhiteRD "76"]
[BlackElo "1289"]
[BlackRD "67"]
[GameID "13989"]

1. d4 d5 2. c4 e6 3. e3 Nc6 4. cxd5 Bb4+ 5. Bd2 Bxd2+ 6. Qxd2 Nce7 7. dxe6 Bxe6 8. Bd3 Nf6 9. Nc3 Qd7 10. Nf3 Ned5
11. O-O O-O 12. Rfb1 Rae8 13. Nxd5 Bxd5 14. Qe2 Ne4 15. a4 a6 16. b4 Re6 17. b5 Rg6 18. Bxe4 Bxe4 19. Rb3 Qh3 20. g3 Rf6
21. Qf1 Qxf1+ 22. Kxf1 Bxf3 23. bxa6 bxa6 24. Rb7 c6 25. Ra7 Rh6 26. Kg1 g6 27. Rxa6 g5 28. Rb6 Rc8 29. a5 c5 30. Rxh6
1-0

[Event "1st. bi-monthly Ashmasterr cup. Under 1600 section"]
[Site "SchemingMind.com"]
[Date "2005.05.03"]
[Round "-"]
[White "Tdfrantz"]
[Black "Brerrabbit"]
[Result "1-0"]
[WhiteCountry "CAN"]
[BlackCountry "SCO"]
[WhiteElo "1590"]
[WhiteRD "85"]
[BlackElo "1289"]
[BlackRD "67"]
[GameID "14385"]

1. e4 e5 2. Bc4 Nf6 3. Nf3 Nc6 4. Ng5 d5 5. exd5 Nxd5 6. Nxf7 Kxf7 7. Qf3+ Ke8 8. Bxd5 Qe7 9. Bxc6+ bxc6 10. Qxc6+ Bd7
11. Qxa8+ Qd8 12. Qxd8+ Kxd8 13. Nc3 Bc5 14. d3
1-0

[Event "1st. bi-monthly Ashmasterr cup. Under 1600 section"]
[Site "SchemingMind.com"]
[Date "2005.05.03"]
[Round "-"]
[White "Tdfrantz"]
[Black "Ashmaster"]
[Result "0-1"]
[WhiteCountry "CAN"]
[BlackCountry "IRL"]
[WhiteElo "1590"]
[WhiteRD "85"]
[BlackElo "1345"]
[BlackRD "76"]
[GameID "14386"]

1. d4 Nf6 2. c4 g6 3. Nc3 Bg7 4. Nf3 O-O 5. Bd2 c6 6. Qb3 d5 7. e3 dxc4 8. Bxc4 e6 9. Ne2 Nbd7 10. Nf4 Re8
11. Bb4 b5 12. Bd3 a5 13. Bd6 Nb6 14. Be5 a4 15. Qb4 Qe7 16. Qxe7 Rxe7 17. Rc1 Bb7 18. O-O Ne8 19. Be4 Bxe5 20. Nxe5 Rc7
21. Rc5 Nd6 22. Bf3 a3 23. b3 Re8 24. Nxc6 Bxc6 25. Rxc6 Rxc6 26. Bxc6 Rc8 27. d5 exd5 28. Bxd5 Nxd5 29. Nxd5 Rc2 30. Nb4 Re2
31. Rd1 Ne4 32. f3 Nc3 33. Rd8+ Kg7 34. Rb8 Nxa2 35. Rxb5 Nxb4 36. Rxb4 a2 37. Ra4 Re1+ 38. Kf2 a1=Q 39. Rxa1 Rxa1 40. Kg3 Rb1
41. Kf4 Rxb3 42. e4 Rb2 43. Kg3 h5 44. h4 Kh6 45. Kh3 g5 46. hxg5+ Kxg5 47. Kg3 f5 48. f4+ Kf6 49. e5+ Kg6 50. Kh3 h4
51. g3 hxg3 52. Kxg3 Rb3+ 53. Kh4 Rf3 54. e6 Rxf4+ 55. Kg3 Re4 56. Kf3 Rxe6 57. Kf4 Re4+
0-1

[Event "1st. bi-monthly Ashmasterr cup. Under 1600 section"]
[Site "SchemingMind.com"]
[Date "2005.05.04"]
[Round "-"]
[White "Brerrabbit"]
[Black "Tdfrantz"]
[Result "0-1"]
[WhiteCountry "SCO"]
[BlackCountry "CAN"]
[WhiteElo "1289"]
[WhiteRD "67"]
[BlackElo "1590"]
[BlackRD "85"]
[GameID "14388"]

1. e4 d5 2. exd5 c6 3. Nf3 Nf6 4. d4 g6 5. c4 Bg7 6. Nc3 Bg4 7. Be2 cxd5 8. Bf4 Nc6 9. Qd3 Nb4 10. Qd2 Bf5
11. cxd5 Nc2+ 12. Kd1 Nxa1 13. Bb5+ Bd7
0-1

[Event "1st. bi-monthly Ashmasterr cup. Under 1600 section"]
[Site "SchemingMind.com"]
[Date "2005.05.03"]
[Round "-"]
[White "Ashmaster"]
[Black "Tdfrantz"]
[Result "1/2-1/2"]
[WhiteCountry "IRL"]
[BlackCountry "CAN"]
[WhiteElo "1345"]
[WhiteRD "76"]
[BlackElo "1590"]
[BlackRD "85"]
[GameID "14389"]

1. c4 e5 2. Nc3 Nf6 3. Nf3 d6 4. d4 Nbd7 5. e3 Be7 6. Be2 O-O 7. O-O h6 8. b3 b6 9. Bb2 Bb7 10. Nb5 a6
11. Na3 Be4 12. dxe5 Bxf3 13. Bxf3 Nxe5 14. Bxa8 Qxa8 15. Bxe5 dxe5 16. Nc2 Ne4 17. Qd5 Qxd5 18. cxd5 Rd8 19. f3 Nc3 20. e4 f5
21. Rfe1 fxe4 22. fxe4 Bg5 23. g3 Bd2 24. Rf1 Nxe4 25. Rad1 Rxd5 26. Nb4 Be3+ 27. Kg2 Rxd1 28. Rxd1 a5 29. Nc6 Nc3 30. Rd3 Bd4
31. Nxd4 exd4 32. Rxd4 Nxa2 33. Rd8+ Kh7 34. Rc8 Nc1 35. Rxc7 Nxb3 36. Rb7 a4 37. Rxb6 Nc5 38. Rb5 Nb3 39. Rb4 Nc5 40. Rc4 Ne6
41. Rxa4 g5 42. Ra7+ Kg6 43. Kf3 h5 44. g4 hxg4+ 45. Kxg4 Kf6 46. Ra6 Ke5 47. Rxe6+ Kxe6=
1/2-1/2

[Event "1st. bi-monthly Ashmasterr cup. Under 1600 section"]
[Site "SchemingMind.com"]
[Date "2005.05.09"]
[Round "-"]
[White "jiikoo"]
[Black "Tdfrantz"]
[Result "0-1"]
[WhiteCountry "FIN"]
[BlackCountry "CAN"]
[WhiteElo "1585"]
[WhiteRD "84"]
[BlackElo "1590"]
[BlackRD "85"]
[GameID "14961"]

1. e4 e5 2. Nf3 Nf6 3. Nxe5 Nxe4 4. Qe2 Qe7 5. Qxe4 d6 6. d4 dxe5 7. Qxe5 Qxe5+ 8. dxe5 Nc6 9. Bb5 Bd7 10. Bxc6 Bxc6
11. O-O Bc5 12. Bf4 O-O-O 13. Nd2 Rde8 14. Nb3 Bb6 15. Rad1 h6 16. h3 g5 17. Bh2 h5 18. Nd4 Bd7 19. c4 g4 20. h4 Rhg8
21. Bg3 c5 22. Nc2 Bc7 23. Rfe1 Bf5 24. Ne3 Bg6 25. Nd5 Ba5 26. Re3 Rgf8 27. Nf6 Re6 28. Nd5 Rfe8 29. Nf6 R8e7 30. Kf1 Bc7
31. Nd5 Re8 32. Nxc7 Kxc7 33. b3 Kc6 34. Bf4 b6 35. g3 b5 36. cxb5+ Kxb5 37. a3 a5 38. Rd7 Rb8 39. Rd6 a4 40. Rxe6 fxe6
41. Ke2 Rd8 42. bxa4+ Kxa4 43. Rc3 Rc8 44. Be3 c4 45. Bg5 Bd3+ 46. Ke1 Rb8 47. Be7 Rb3 48. Rc1 Rb2 49. Bd6 Re2+ 50. Kd1 Rxf2
51. Rb1 Bxb1
0-1

[Event "1st. bi-monthly Ashmasterr cup. Under 1600 section"]
[Site "SchemingMind.com"]
[Date "2005.05.09"]
[Round "-"]
[White "jiikoo"]
[Black "Brerrabbit"]
[Result "1-0"]
[WhiteCountry "FIN"]
[BlackCountry "SCO"]
[WhiteElo "1585"]
[WhiteRD "84"]
[BlackElo "1289"]
[BlackRD "67"]
[GameID "14962"]

1. e4 e5 2. Nf3 Nc6 3. Bc4 Be7 4. O-O Nf6 5. d3 d5 6. exd5 Nxd5 7. Bxd5 Qxd5 8. Nc3 Bg4 9. Nxd5 Bd6 10. h3 Bxf3
11. Qxf3 O-O 12. Qg4 Rae8 13. Nf6+
1-0

[Event "1st. bi-monthly Ashmasterr cup. Under 1600 section"]
[Site "SchemingMind.com"]
[Date "2005.05.09"]
[Round "-"]
[White "jiikoo"]
[Black "Ashmaster"]
[Result "1-0"]
[WhiteCountry "FIN"]
[BlackCountry "IRL"]
[WhiteElo "1585"]
[WhiteRD "84"]
[BlackElo "1345"]
[BlackRD "76"]
[GameID "14963"]

1. e4 c5 2. Nf3 d6 3. d4 cxd4 4. Nxd4 Nf6 5. Nc3 g6 6. g3 Bg7 7. Bg2 e5 8. Ndb5 a6 9. Nxd6+ Ke7 10. Nxc8+ Qxc8
11. O-O Qd8 12. Qxd8+ Rxd8 13. Bg5 h6 14. Bxf6+ Bxf6 15. Nd5+
1-0

[Event "1st. bi-monthly Ashmasterr cup. Under 1600 section"]
[Site "SchemingMind.com"]
[Date "2005.05.09"]
[Round "-"]
[White "Tdfrantz"]
[Black "jiikoo"]
[Result "1-0"]
[WhiteCountry "CAN"]
[BlackCountry "FIN"]
[WhiteElo "1590"]
[WhiteRD "85"]
[BlackElo "1585"]
[BlackRD "84"]
[GameID "14965"]

1. f4 d5 2. e3 Nf6 3. Nf3 e6 4. b3 Be7 5. Bb2 c5 6. Be2 b6 7. h3 Nc6 8. g4 Rg8 9. g5 Ne4 10. h4 g6
11. h5 Ng3 12. hxg6 hxg6 13. Rh7 Nxe2 14. Qxe2 Nb4 15. Kd1 Nc6 16. Qh2 a6 17. Rh8 Kd7 18. Rh7 Qf8 19. Ne5+ Nxe5 20. Bxe5 Bd6
21. Bf6 Bb7 22. Nc3 b5 23. Ne2 Be7 24. Be5 Bd6 25. Bb2 Be7 26. Ng1 Kc6 27. Nf3 Bd6 28. Rc1 Rc8 29. c4 dxc4 30. bxc4 b4
31. Ne5+ Bxe5 32. Bxe5 Kb6 33. d4 Rd8 34. Ke2 Be4 35. Qh4 a5 36. Qe1 Rd7 37. a3 Qa8 38. dxc5+ Kxc5 39. axb4+ axb4 40. Bd4+ Kc6
41. Qxb4 Qa2+ 42. Ke1 Bd3 43. Qb6#
1-0

[Event "1st. bi-monthly Ashmasterr cup. Under 1600 section"]
[Site "SchemingMind.com"]
[Date "2005.05.10"]
[Round "-"]
[White "Brerrabbit"]
[Black "jiikoo"]
[Result "0-1"]
[WhiteCountry "SCO"]
[BlackCountry "FIN"]
[WhiteElo "1289"]
[WhiteRD "67"]
[BlackElo "1585"]
[BlackRD "84"]
[GameID "14966"]

1. e4 e5 2. Nf3 Nc6 3. Nc3 Nf6 4. d4 exd4 5. Nxd4 Nxd4 6. Qxd4 d6 7. Bg5 Be7 8. Bd3 O-O 9. e5 dxe5 10. Qxe5 Re8
11. Qe4 Bb4 12. O-O Rxe4 13. Bxe4 Bxc3 14. bxc3 h6 15. Rad1 Qe8
0-1

[Event "1st. bi-monthly Ashmasterr cup. Under 1600 section"]
[Site "SchemingMind.com"]
[Date "2005.05.09"]
[Round "-"]
[White "Ashmaster"]
[Black "jiikoo"]
[Result "0-1"]
[WhiteCountry "IRL"]
[BlackCountry "FIN"]
[WhiteElo "1345"]
[WhiteRD "76"]
[BlackElo "1585"]
[BlackRD "84"]
[GameID "14967"]

1. e4 e5 2. Nf3 Nc6 3. Bb5 a6 4. Ba4 Nf6 5. O-O b5 6. Bb3 Be7 7. Re1 O-O 8. c3 d6 9. a4 b4 10. cxb4 Nxb4
11. d4 exd4 12. Nxd4 Bb7 13. Nc3 Re8 14. Bd2 a5 15. Na2 Nxa2 16. Bxa2 Nxe4 17. Bc3 Nxc3 18. bxc3 d5 19. Nc2 c6 20. Nd4 Bc5
21. Rxe8+ Qxe8 22. Qe1 Qxe1+ 23. Rxe1 Kf8 24. Nf5 g6 25. Nh6 f5 26. c4 Re8 27. Rxe8+ Kxe8 28. cxd5 cxd5 29. Ng8 Kf7 30. Nh6+ Kg7
31. Nxf5+ gxf5 32. Kf1 Kf6 33. Ke2= Ke5 34. h3 d4 35. f3 Bd5 36. Bxd5 Kxd5 37. Kd3 f4 38. h4 h5 39. Kd2 Kc4 40. Kc2 d3+
41. Kd2 Be3+
0-1

[Event "1st. bi-monthly Ashmasterr cup. Under 1600 section"]
[Site "SchemingMind.com"]
[Date "2005.05.17"]
[Round "-"]
[White "adelphi"]
[Black "Brerrabbit"]
[Result "1-0"]
[WhiteCountry "USA"]
[BlackCountry "SCO"]
[WhiteElo "1228"]
[WhiteRD "67"]
[BlackElo "1281"]
[BlackRD "62"]
[GameID "15637"]

1. e4 e5 2. Bc4 Nf6 3. Nc3 c6 4. Nf3 d5 5. Bd3 Bg4 6. exd5 cxd5 7. O-O Bc5 8. Bb5+ Nbd7 9. d3 Qe7 10. Bg5 O-O-O
11. Na4 h6 12. Bxd7+ Qxd7 13. Nxc5 Qc6 14. Bxf6 gxf6 15. d4 Rhg8 16. c3 e4 17. Ne5 Bxd1 18. Nxc6 bxc6 19. Raxd1 Rde8 20. Na6 Kb7
21. Nb4 f5 22. a4 Rg6 23. a5 a6 24. Nc2 f4 25. b4 f3 26. g3 f5 27. Ne3 f4 28. Nf5 e3 29. Nd6+ Rxd6 30. fxe3 fxg3
31. Rxf3 gxh2+ 32. Kxh2 Rg6 33. Rg1 Reg8 34. Rxg6 Rxg6 35. Rg3 Rf6 36. Kh3 c5 37. e4 cxb4 38. cxb4 dxe4 39. Kh4 Rd6 40. Rg7+ Kc6
41. Kh5 Kb5 42. Rb7+ Kc6 43. Rb6+ Kc7 44. Rxd6 Kxd6 45. Kg4 h5+ 46. Kf4 h4 47. Kxe4 h3 48. Kf3 h2 49. Kg2 h1=Q+ 50. Kxh1 Kd5
51. b5 axb5 52. a6 Kc6 53. d5+
1-0

[Event "1st. bi-monthly Ashmasterr cup. Under 1600 section"]
[Site "SchemingMind.com"]
[Date "2005.05.17"]
[Round "-"]
[White "adelphi"]
[Black "jiikoo"]
[Result "1-0"]
[WhiteCountry "USA"]
[BlackCountry "FIN"]
[WhiteElo "1228"]
[WhiteRD "67"]
[BlackElo "1565"]
[BlackRD "77"]
[GameID "15638"]

1. e4 e5 2. Nf3 Nc6 3. d4 exd4 4. Nxd4 Bc5 5. Nxc6 bxc6 6. Bd3 d6 7. Nc3 Nf6 8. Bg5 Bxf2+ 9. Kf1 Bd4 10. Qd2 h6
11. Be3 Bxe3 12. Qxe3 O-O 13. Rd1 Ng4 14. Qf4 Qf6 15. Qxf6 Nxf6 16. h3 Be6 17. Kf2 Rab8 18. b3 Nh7 19. Ne2 d5 20. exd5 cxd5
21. Bxh7+ Kxh7 22. Nf4 c6 23. Rhe1 Rfe8 24. g4 Rb4 25. Nd3 Rb7 26. Ne5 Rc7 27. Kg3 f6 28. Nf3 Bf7 29. h4 Rce7 30. Rxe7 Rxe7
31. Nd4 c5 32. Nc6 Rc7 33. Na5 g6 34. a3 f5 35. b4 cxb4 36. axb4 Rxc2 37. b5 Rc5 38. Nb7 Rc7 39. Nd6 Bg8 40. Ne8 Rd7
41. Nf6+
1-0

[Event "1st. bi-monthly Ashmasterr cup. Under 1600 section"]
[Site "SchemingMind.com"]
[Date "2005.05.17"]
[Round "-"]
[White "adelphi"]
[Black "Ashmaster"]
[Result "0-1"]
[WhiteCountry "USA"]
[BlackCountry "IRL"]
[WhiteElo "1228"]
[WhiteRD "67"]
[BlackElo "1432"]
[BlackRD "65"]
[GameID "15639"]

1. e4 c5 2. Nf3 d6 3. d4 cxd4 4. Nxd4 Nf6 5. Nc3 a6 6. Bd3 e5 7. Nf3 Bg4 8. O-O Nc6 9. h3 Bxf3 10. Qxf3 Nd4
11. Qd1 d5 12. f4 exf4 13. Bxf4 dxe4 14. Re1 Be7 15. Bxe4 Nxe4 16. Rxe4 Nb5 17. Qf3 Nxc3 18. bxc3 O-O 19. Rd4 Qa5 20. Re1 Bc5
21. Qg4 Bxd4+
0-1

[Event "1st. bi-monthly Ashmasterr cup. Under 1600 section"]
[Site "SchemingMind.com"]
[Date "2005.05.17"]
[Round "-"]
[White "Tdfrantz"]
[Black "adelphi"]
[Result "1-0"]
[WhiteCountry "CAN"]
[BlackCountry "USA"]
[WhiteElo "1583"]
[WhiteRD "72"]
[BlackElo "1228"]
[BlackRD "67"]
[GameID "15641"]

1. f4 d5 2. Nf3 g6 3. e3 Bg4 4. Be2 Bxf3 5. Bxf3 Nf6 6. b3 Bg7 7. Bb2 O-O 8. h3 Nc6 9. g4 b5 10. h4 h6
11. g5 Ne4 12. Bxg7 Kxg7 13. gxh6+ Kxh6 14. h5 f5 15. Bxe4 fxe4 16. hxg6+ Kxg6 17. Qh5+ Kf6 18. Qh7 Ke6 19. Nc3 a6 20. Qh3+ Kd6
21. Qg4 Re8 22. f5 Nb4 23. O-O-O c5 24. a3 Qa5 25. axb4 Qa3+ 26. Kb1 cxb4 27. Rh6+ Kc5 28. Nxe4+ dxe4 29. Qxe4
1-0

[Event "1st. bi-monthly Ashmasterr cup. Under 1600 section"]
[Site "SchemingMind.com"]
[Date "2005.05.18"]
[Round "-"]
[White "Brerrabbit"]
[Black "adelphi"]
[Result "0-1"]
[WhiteCountry "SCO"]
[BlackCountry "USA"]
[WhiteElo "1281"]
[WhiteRD "62"]
[BlackElo "1228"]
[BlackRD "67"]
[GameID "15642"]

1. e4 c5 2. d4 cxd4 3. c3 dxc3 4. Nxc3 g6 5. Nf3 Bg7 6. Bc4 Nf6 7. e5 Ng8 8. Bf4 e6 9. Qd3 Ne7 10. O-O O-O
11. Rac1 Nbc6 12. Ng5 a6 13. Qh3 h6 14. Nge4 b5 15. Bd3 Nxe5 16. Bxe5 Bxe5 17. Qxh6 Bg7 18. Qg5 Nf5 19. Qg4 Qa5 20. Rfe1 Bb7
21. Re3 Nxe3 22. fxe3 b4 23. Ne2 Qxa2 24. Nf4 Qxb2 25. Rc7 Qd2 26. Bc4 Qxe3+ 27. Kf1 Bxe4 28. Rxd7 Qc1+ 29. Kf2 Qxc4 30. h4 Bd4+
31. Kg3 Qb3+ 32. Kh2 Rfd8 33. Rxd8+ Rxd8 34. h5 Kg7 35. h6+ Kxh6 36. Qh4+ Kg7 37. Qxd8 Qe3 38. Nh3 Be5+ 39. Kh1 Qxh3+
0-1

[Event "1st. bi-monthly Ashmasterr cup. Under 1600 section"]
[Site "SchemingMind.com"]
[Date "2005.05.17"]
[Round "-"]
[White "jiikoo"]
[Black "adelphi"]
[Result "0-1"]
[WhiteCountry "FIN"]
[BlackCountry "USA"]
[WhiteElo "1565"]
[WhiteRD "77"]
[BlackElo "1228"]
[BlackRD "67"]
[GameID "15643"]

1. e4 c5 2. Nf3 d6 3. d4 Nc6 4. d5 Ne5 5. Nxe5 dxe5 6. Bb5+ Bd7 7. Bxd7+ Qxd7 8. c4 Nf6 9. Nc3 e6 10. O-O O-O-O
11. Bg5 Be7 12. Bxf6 Bxf6 13. Qa4 Qxa4 14. Nxa4 exd5 15. cxd5 b6 16. Nc3 Kb7 17. a3 a6 18. Rfc1 h5 19. f3 g5 20. h3 Rdg8
21. b4 g4 22. hxg4 Bg5 23. Rc2 hxg4 24. Kf2 g3+ 25. Ke2 Rh2 26. Rg1 Rgh8 27. Rcc1 Bxc1 28. Rxc1 Rxg2+ 29. Ke3 Rhh2 30. bxc5 Rf2
31. Nd1 Rf1 32. c6+ Kc8 33. d6 g2
0-1

[Event "1st. bi-monthly Ashmasterr cup. Under 1600 section"]
[Site "SchemingMind.com"]
[Date "2005.05.17"]
[Round "-"]
[White "Ashmaster"]
[Black "adelphi"]
[Result "1/2-1/2"]
[WhiteCountry "IRL"]
[BlackCountry "USA"]
[WhiteElo "1345"]
[WhiteRD "76"]
[BlackElo "1163"]
[BlackRD "71"]
[GameID "15644"]

1. b4 e5 2. Bb2 Qe7 3. a3 d5 4. Nf3 e4 5. Nd4 Nf6 6. d3 Bd7 7. dxe4 Nxe4 8. Nd2 Nc6 9. Nxe4 Qxe4 10. Nxc6 Bxc6
11. f3 Qe3 12. Qd4 Qg5 13. Qd2 Qg6 14. Qe3+ Be7 15. Qd3=
1/2-1/2

[Event "1st. bi-monthly Ashmasterr cup. Under 1600 section"]
[Site "SchemingMind.com"]
[Date "2005.05.20"]
[Round "-"]
[White "tzid"]
[Black "Tdfrantz"]
[Result "0-1"]
[WhiteCountry "USA"]
[BlackCountry "CAN"]
[WhiteElo "1621"]
[WhiteRD "85"]
[BlackElo "1590"]
[BlackRD "85"]
[GameID "15835"]

1. f4 Nf6 2. Nf3 b6 3. e3 Bb7 4. b3 e6 5. Bb2 Nc6 6. Be2 Bc5 7. d4 Be7 8. O-O Ne4 9. Nbd2 d5 10. Nxe4 dxe4
11. Ng5 Bxg5 12. fxg5 Qxg5 13. Qd2 O-O 14. Rad1 Ne7 15. Rf4 f5 16. Bc4 Bd5 17. Ba6 Ng6 18. c4 Nxf4 19. exf4 Qg4 20. cxd5 exd5
21. Bb7 Rad8 22. Re1 Rd6 23. Re3 Rb8 24. Ba6 b5 25. Rg3 Qh5 26. Qa5 Qd1+ 27. Kf2 Qc2+
0-1

[Event "1st. bi-monthly Ashmasterr cup. Under 1600 section"]
[Site "SchemingMind.com"]
[Date "2005.05.20"]
[Round "-"]
[White "tzid"]
[Black "Brerrabbit"]
[Result "1-0"]
[WhiteCountry "USA"]
[BlackCountry "SCO"]
[WhiteElo "1621"]
[WhiteRD "85"]
[BlackElo "1289"]
[BlackRD "67"]
[GameID "15836"]

1. e4 e5 2. f4 Nc6 3. Nf3 f6 4. d4 Nxd4 5. Nxd4 exd4 6. Qxd4 c5 7. Qd1 d6 8. Bc4 f5 9. e5 Ne7 10. exd6 Nc6
11. Qe2+
1-0

[Event "1st. bi-monthly Ashmasterr cup. Under 1600 section"]
[Site "SchemingMind.com"]
[Date "2005.05.20"]
[Round "-"]
[White "tzid"]
[Black "jiikoo"]
[Result "1-0"]
[WhiteCountry "USA"]
[BlackCountry "FIN"]
[WhiteElo "1621"]
[WhiteRD "85"]
[BlackElo "1585"]
[BlackRD "84"]
[GameID "15837"]

1. f4 d5 2. Nf3 Nf6 3. e3 Nc6 4. b3 e6 5. Bb2 Be7 6. Be2 O-O 7. O-O b6 8. Kh1 Bb7 9. a3 Nb8 10. Ne5 c5
11. Bf3 Nc6 12. c4 Qc7 13. d3 Rad8 14. Nd2 dxc4 15. Ndxc4 b5 16. Nxc6 Bxc6 17. Bxc6 bxc4 18. Bb5 cxd3 19. Bxd3 Nd5 20. Rf3 Qb6
21. Rh3 g6 22. Qh5
1-0

[Event "1st. bi-monthly Ashmasterr cup. Under 1600 section"]
[Site "SchemingMind.com"]
[Date "2005.05.20"]
[Round "-"]
[White "tzid"]
[Black "adelphi"]
[Result "1-0"]
[WhiteCountry "USA"]
[BlackCountry "USA"]
[WhiteElo "1621"]
[WhiteRD "85"]
[BlackElo "1163"]
[BlackRD "71"]
[GameID "15838"]

1. e4 c5 2. Nf3 d6 3. d4 cxd4 4. Nxd4 Nf6 5. Nc3 e5 6. Nb3 b6 7. Bc4 Bd7 8. Nd5 Nc6 9. Nxf6+ Qxf6 10. O-O a6
11. f4 b5 12. fxe5 dxe5 13. Rxf6
1-0

[Event "1st. bi-monthly Ashmasterr cup. Under 1600 section"]
[Site "SchemingMind.com"]
[Date "2005.05.20"]
[Round "-"]
[White "tzid"]
[Black "Ashmaster"]
[Result "1-0"]
[WhiteCountry "USA"]
[BlackCountry "IRL"]
[WhiteElo "1621"]
[WhiteRD "85"]
[BlackElo "1345"]
[BlackRD "76"]
[GameID "15839"]

1. f4 e6 2. Nf3 Nc6 3. e3 d6 4. b3 e5 5. Bb2 exf4 6. exf4 Qe7+ 7. Qe2 Qxe2+ 8. Bxe2 Bg4 9. O-O Bxf3 10. Bxf3 Nf6
11. Nc3 Be7 12. Rfe1 O-O 13. Bxc6 bxc6 14. Rxe7 Rac8 15. Rae1 Rfe8 16. Nd1 Rxe7 17. Rxe7 Kf8 18. Bxf6 gxf6 19. Re3 d5 20. Nf2 c5
21. Rh3 Kg7 22. Rg3+ Kf8 23. Ng4 f5 24. Nf6 Ke7 25. Nxd5+ Kd6 26. Ne3 Ke6 27. Rg5 Rd8 28. d3
1-0

[Event "1st. bi-monthly Ashmasterr cup. Under 1600 section"]
[Site "SchemingMind.com"]
[Date "2005.05.20"]
[Round "-"]
[White "Tdfrantz"]
[Black "tzid"]
[Result "0-1"]
[WhiteCountry "CAN"]
[BlackCountry "USA"]
[WhiteElo "1590"]
[WhiteRD "85"]
[BlackElo "1621"]
[BlackRD "85"]
[GameID "15841"]

1. d4 Nf6 2. c4 e6 3. Nc3 c5 4. e3 d5 5. Nf3 Bd6 6. dxc5 Bxc5 7. cxd5 exd5 8. Bb5+ Nc6 9. Ne5 Bd7 10. Nxf7 Kxf7
11. Nxd5 Qa5+ 12. Nc3 Rad8 13. O-O Rhe8 14. Bc4+ Be6 15. Qb3 Qc7 16. Nb5 Qe7 17. a3 a6 18. Nc3 Bxc4 19. Qxc4+ Kf8 20. b4 Ba7
21. Bb2 Ne5 22. Qe2 Nd3 23. Rad1 Nxb2 24. Qxb2 Qe5 25. Qb3 Bxe3 26. Rxd8 Rxd8 27. fxe3 Qxe3+ 28. Kh1 Rd3 29. Qb1 Rxc3 30. Qxh7 Rc1
31. Qf5 Qe1 32. Qc5+ Rxc5 33. Rxe1 Rc3 34. Ra1 Kf7 35. g3 Rc2 36. a4 Rb2 37. b5 axb5 38. axb5 Rxb5 39. Kg2 Kg6 40. Kf3 Rb2
41. h4 b5 42. Kf4 b4 43. Rf1 b3 44. g4 Rc2 45. h5+ Nxh5+ 46. gxh5+ Kh6 47. Kg4 b2 48. Rb1 Rc4+ 49. Kf5 Rc5+ 50. Kg4 Rb5
51. Kf4 Kxh5 52. Rh1+ Kg6 53. Rb1 Kf6 54. Ke4 g5 55. Kf3 Rb4 56. Kg3 Kf5 57. Kf3 g4+ 58. Kg3 Kg5 59. Kf2 Kf4 60. Kg2 g3
61. Kg1 Kf3 62. Kf1 g2+ 63. Kg1 Rb3 64. Kh2 Kf2 65. Rf1+ gxf1=N+ 66. Kh1 Rh3#
0-1

[Event "1st. bi-monthly Ashmasterr cup. Under 1600 section"]
[Site "SchemingMind.com"]
[Date "2005.05.20"]
[Round "-"]
[White "Brerrabbit"]
[Black "tzid"]
[Result "0-1"]
[WhiteCountry "SCO"]
[BlackCountry "USA"]
[WhiteElo "1289"]
[WhiteRD "67"]
[BlackElo "1621"]
[BlackRD "85"]
[GameID "15842"]

1. e4 e6 2. Nf3 d5 3. Nc3 Nf6 4. Bd3 c5 5. Bb5+ Nc6 6. d4 a6 7. Be2 Nxe4 8. Bd2 cxd4 9. Nxe4 dxe4 10. Ng5 e3
0-1

[Event "1st. bi-monthly Ashmasterr cup. Under 1600 section"]
[Site "SchemingMind.com"]
[Date "2005.05.21"]
[Round "-"]
[White "jiikoo"]
[Black "tzid"]
[Result "0-1"]
[WhiteCountry "FIN"]
[BlackCountry "USA"]
[WhiteElo "1585"]
[WhiteRD "84"]
[BlackElo "1621"]
[BlackRD "85"]
[GameID "15843"]

1. e4 e6 2. d4 d5 3. Nc3 Nf6 4. e5 Nfd7 5. f4 c5 6. Nf3 Nc6 7. Be3 a6 8. Be2 Be7 9. O-O O-O 10. b3 b5
11. Rc1 Bb7 12. Nb1 cxd4 13. Nxd4 Rc8 14. c4 Nxd4 15. Bxd4 dxc4 16. bxc4 Nb6 17. Bxb6 Qxb6+ 18. Kh1 Rfd8 19. Qb3 Qc7 20. h3 Be4
21. Rfd1 Rxd1+ 22. Qxd1 Qc6 23. Qf1 Bd5 24. Nd2 Bb4 25. Nb3 Bxc4 26. Bxc4 bxc4 27. Nd4 Qd5 28. Rd1 Rd8 29. f5 Bc3 30. fxe6 fxe6
0-1

[Event "1st. bi-monthly Ashmasterr cup. Under 1600 section"]
[Site "SchemingMind.com"]
[Date "2005.05.20"]
[Round "-"]
[White "adelphi"]
[Black "tzid"]
[Result "0-1"]
[WhiteCountry "USA"]
[BlackCountry "USA"]
[WhiteElo "1163"]
[WhiteRD "71"]
[BlackElo "1621"]
[BlackRD "85"]
[GameID "15844"]

1. d4 e6 2. e4 d5 3. e5 c5 4. c3 Nc6 5. Nf3 cxd4 6. cxd4 a6 7. Be2 Bb4+ 8. Bd2 Bd7 9. Nc3 Nge7 10. O-O Nf5
11. g4 Nfxd4 12. a3 Nxf3+ 13. Bxf3 Bc5 14. Re1 Qh4 15. Be3 Bxe3 16. fxe3 Nxe5 17. h3 Qxe1+
0-1

[Event "1st. bi-monthly Ashmasterr cup. Under 1600 section"]
[Site "SchemingMind.com"]
[Date "2005.05.20"]
[Round "-"]
[White "Ashmaster"]
[Black "tzid"]
[Result "1/2-1/2"]
[WhiteCountry "IRL"]
[BlackCountry "USA"]
[WhiteElo "1345"]
[WhiteRD "76"]
[BlackElo "1621"]
[BlackRD "85"]
[GameID "15845"]

1. Nf3 d5 2. c4 Nf6 3. cxd5 Nxd5 4. e4 Nb6 5. d4 e6 6. Nc3 c5 7. Be3 cxd4 8. Qxd4 Qxd4 9. Nxd4 Bd7 10. Bd3 Bd6
11. O-O Nc6 12. Nxc6 Bxc6 13. Rfd1 Rd8 14. Nb5 Bb8 15. f3 O-O 16. Bxb6 axb6 17. Bc4 Bxb5 18. Rxd8 Rxd8 19. Bxb5 Be5 20. Rb1 Rc8
21. b3 Rc2 22. Rd1 Kf8 23. Rd8+ Ke7 24. Rd7+ Kf6 25. Rxb7 Bd4+ 26. Kf1 Rxa2 27. Be8 Rf2+= 28. Ke1 Rxg2 29. Rxf7+ Kg5 30. f4+=
1/2-1/2

[Event "1st. bi-monthly Ashmasterr cup. Under 1600 section"]
[Site "SchemingMind.com"]
[Date "2005.05.21"]
[Round "-"]
[White "Masticore99"]
[Black "Tdfrantz"]
[Result "0-1"]
[WhiteCountry "USA"]
[BlackCountry "CAN"]
[WhiteElo "1534"]
[WhiteRD "90"]
[BlackElo "1583"]
[BlackRD "72"]
[GameID "15937"]

1. e4 e5 2. Nf3 Nc6 3. Bb5 Bd6 4. O-O Nf6 5. Nc3 Nd4 6. d3 Nxb5 7. Nxb5 Qe7 8. c4 a6 9. Nc3 O-O 10. Nh4 Bc5
11. Nf5 Qd8 12. Bg5 d6 13. Bxf6 Qxf6 14. Nd5 Qg5 15. h4 Qd8 16. Nde7+ Kh8 17. Nxc8 Rxc8 18. h5 g6 19. hxg6 fxg6 20. Nh6 Qh4
21. Ng4 h5 22. Ne3 Rf6 23. Qd2 Rcf8 24. g3 Qh3 25. b4 Bd4 26. Rae1 Kg7 27. Nd1 h4 28. gxh4 Rf3 29. Ne3 Bxe3
0-1